=LDR 00000nam 2200000 4500 =001 INLIS000000000007516 =005 20130612095513 =008 ***********************************Ind** =035 ##$$0010-061300000007516 =041 ##$$a Ind =082 ##$$a 959.851 =090 ##$$a 959.851, Put b =100 ##$$a PUTRA, Wyasa I.B =245 ##$$a Bali dalam perspektif global, I.B. Putra Wyasa. -- =260 ##$$a 1998 $b Denpasar =300 ##$$a 246 hlm, 21 cm =650 ##$$a Bali - Deskripsi =850 ##$$a NBPNMAT